Normal view
MARC view
Entry Personal Name
001 - CONTROL NUMBER
- control field: 32430
003 - CONTROL NUMBER IDENTIFIER
- control field: dpl
005 - DATE AND TIME OF LATEST TRANSACTION
- control field: 20110810164956.0
008 - FIXED-LENGTH DATA ELEMENTS
- fixed length control field: 110810|||a|||||| | ||| d
040 ## - CATALOGING SOURCE
- Original cataloging agency: dpl
- Transcribing agency: dpl
100 ## - HEADING--PERSONAL NAME
- Personal name: Bhatt, Savita
670 ## - SOURCE DATA FOUND
- Source citation: Work cat.: (dpl)38361: Bhatt, Savita, Women and human rights /, 2010
670 ## - SOURCE DATA FOUND
- Source citation: Work cat.: (dpl)38361: Bhatt, Savita, Women and human rights /, 2010
